000
00329nam a2200121Ia 4500
003
GCL
008
140319s9999 xx 000 0 ara d
040
_a
GCL /
_c
GCL
082
0
4
_a
235.2
_b
ب م
245
1
0
_a
المختارة من صحيح الامام مسلم
260
_a
[S.N] :
_b
مطبعة السعادة ،
_c
1986
490
_a
999
_c
35497
_d
35497